| 000 | 00903cam a2200277 a 4500 | ||
|---|---|---|---|
| 001 | 13889148 | ||
| 003 | OSt | ||
| 005 | 20250912145239.0 | ||
| 008 | 050304s2006 caua 001 0 eng | ||
| 010 | _a 2005923623 | ||
| 020 | _a9788131501726 | ||
| 040 |
_aDLC _cDLC |
||
| 050 | 0 | 0 |
_aQA184.2 _b.S77 2006 |
| 082 |
_a512.5 _bSTR/L |
||
| 100 |
_aStrang, Gilbert _93764 |
||
| 245 | 1 | 0 |
_aLinear algebra and its applications / _cGilbert Strang. |
| 250 | _a4th ed. | ||
| 260 |
_aBelmont, CA : _bThomson, Brooks/Cole, _cc2006. |
||
| 300 |
_aviii, 487 p. : _bill. ; _c25 cm. |
||
| 500 | _aIncludes index. | ||
| 650 | 0 |
_aAlgebras, Linear _vTextbooks. |
|
| 906 |
_a7 _bcbc _corigcop _d3 _eepcn _f20 _gy-gencatlg |
||
| 942 |
_2ddc _cBK _h512.5 _iSTR/L _k512.5 _mSTR/L |
||
| 999 |
_c42335 _d42335 |
||